000 01521nam a22004097a 4500
003 CHAP
005 20220329142335.0
008 000817d1999 mx rs o00110 spa d
010 _a82011
011 _a82983
020 _a970132661X
035 _a93491
040 _cCHAP
082 0 4 _a317.2
_bI57 1999 Jal.
110 2 _aInstituto Nacional de Estadística, Geografía e Informática. México
_959304
245 1 0 _aPerspectiva estadística de Jalisco
_c/por Instituto Nacional de Estadística, Geografía e Informática
260 _aAguascalientes, Ags. :
_bInstituto Nacional de Estadística, Geografía e Informática,
_c1999.
300 _a117 p. :
_bgráfs. ; cuadros
590 _aBATCH-UPD
_b10
_c20130110
_lUCH01
_h0207
590 _aBATCH-UPD
_b10
_c20130110
_lUCH01
_h2023
590 _aBATCH-UPD
_b10
_c20130410
_lUCH01
_h1341
590 _aBATCH-UPD
_b10
_c20130914
_lUCH01
_h0721
590 _aCONVERSION
_b10
_c20130109
_lUCH01
_h1346
650 1 4 _aAgricultura
_xEstadisticas
_zJalisco.
_91455
650 1 4 _aAgricultura
_xJalisco.
_91714
650 1 4 _aBosques
_xJalisco.
_914318
650 1 4 _aEmpleo
_xJalisco.
_936563
650 1 4 _aGanadería
_xEstadísticas
_zJalisco.
_944714
650 1 4 _aJalisco
_xEstadísticas.
_960966
650 1 4 _aJalisco
_xHistoria.
_960968
650 1 4 _aPoblación
_zJalisco.
_989425
650 1 4 _aVivienda
_xJalisco.
_9120133
901 _aBK
905 _aPatricia Mendoza P.
942 _cLIBRO
949 _a317.2 I57 1999 Jal.
_bBC
_cINEGI
_d33724000771564
_eINEGI
_h98112
_i93491
_si
999 _c82011
_d82011